Méjico en los primeros años de su independencia : representaciones gráficas /

Libro que reúne una serie de dibujos que representan la vida en México terminada la lucha por la independencia y hasta 1828, fecha en que fueron publicadas por primera vez esta serie de representaciones. Fueron tomadas de un libro publicado en 1828 en Bruselas, bajo el título de "Costumes civils, mi...

Descripción completa

Guardado en:
Detalles Bibliográficos
Autor principal: Castañeda y Alcover, Vicente (autor)
Formato: Libro
Idioma:Español
Temas:
Etiquetas: Agrega una etiqueta
Sin etiquetas, Sé el primero en etiquetar este registro!

MARC

LEADER 00000nam^a2200000^a^4500
001 000128933
005 20250521000000.0
009 20260310094855.083
037 |a Acervo ITESO - Biblioteca 
041 |a ESP 
082 |a 972. 042  |b CAS 
100 |a Castañeda y Alcover, Vicente  |e (autor) 
245 1 0 |a Méjico en los primeros años de su independencia :  |b representaciones gráficas /  |c V. Castañeda. 
264 |a Madrid, España :  |b Maestre,  |c 1947 
300 |a 1 v. (varias paginaciones) 
336 |a texto  |b txt  |2 rdacontenido 
337 |a sin mediación  |b n  |2 rdamedio 
338 |a volumen  |b nc  |2 rdasoporte 
520 |a Libro que reúne una serie de dibujos que representan la vida en México terminada la lucha por la independencia y hasta 1828, fecha en que fueron publicadas por primera vez esta serie de representaciones. Fueron tomadas de un libro publicado en 1828 en Bruselas, bajo el título de "Costumes civils, militaires et religieux du Mexique, desinés d'apres nature". 
649 |a XX 
650 |a Vida Cotidiana -  |z México -  |x Historia -  |y Federalismo, 1824-1835 
650 |a Pintura -  |y Siglo XIX 
650 |a Arte y Política 
650 |a Arte y Sociedad 
650 |a Arte -  |y Siglo XIX 
650 |a México -  |x Historia -  |y Federalismo, 1824-1835 
650 |a México -  |x Historia -  |y Federalismo y Centralismo, 1824-1853 
650 |a México -  |x Historia -  |y Siglo XIX 
910 |a Fondo Salvador Reynoso Reynoso 
920 |a Impresos - Libros 
930 |a Fondos Especiales 
905 |a 112 
901 |a 0800010792  |b IT2  |c ESP  |u 20250521 
902 |a https://opac.biblio.iteso.mx/vufind/Record/000128933